| 000 | 00952cab a2200289 4500 | ||
|---|---|---|---|
| 001 | ABS45540 | ||
| 008 | 090401t1991 xxu||||| |||| 00| 0 eng d | ||
| 035 | _a(Sirsi) u53636 | ||
| 041 | _aeng | ||
| 100 | _aPowell-Smith, V. | ||
| 245 | 4 | _aThe saga of global claims unfolds | |
| 260 | _c1991 | ||
| 350 | _a0 | ||
| 490 |
_aContract Journal _v361(5850) 5 December 1991, 6(1) |
||
| 520 | _aExtracts relevant points from "Mid-Glamorgan CC v J Devonald Williams & Partners" 1991, which concerned a global claim. | ||
| 650 | _aBUILT ENVIRONMENT-BUILDING CONTRACT FORMS | ||
| 650 | _aCLAIMS | ||
| 650 | _aCOMPOSITE CLAIMS | ||
| 650 | _aCROSBY V PORTLAND UDC | ||
| 650 | _aGLOBAL CLAIMS | ||
| 650 | _aMERTON LBC V LEACH | ||
| 650 | _aMID-GLAMORGAN CC V DEVONALD WILLIAMS AND PARTNERS | ||
| 650 | _aWHARF PROPERTIES LTD V ERIC CUMINE ASSOCIATES | ||
| 690 | _aBUILT ENVIRONMENT-BUILDING CONTRACT FORMS | ||
| 942 | _n0 | ||
| 948 | _c04/03/1997 | ||
| 999 |
_c33027 _d33027 |
||